| 000 | 00438cam a2200169 4500 | ||
|---|---|---|---|
| 001 | D13438 | ||
| 008 | 090401t1933 xxu||||| |||| 00| 0 eng d | ||
| 035 | _a(Sirsi) u9787 | ||
| 041 | _aeng | ||
| 100 | _aMillard, P.W. | ||
| 245 | _aTithes and variable rentcharges: some aspects of their history and development | ||
| 260 |
_aLondon _bButterworth & Co _c1933 |
||
| 350 | _a0 | ||
| 520 | _aShelf 132 | ||
| 942 | _n0 | ||
| 948 | _c04/03/1997 | ||
| 999 |
_c86667 _d86667 |
||